Normal view MARC view

Entry Personal Name

Number of records used in: 3

001 - CONTROL NUMBER

  • control field: 41266

003 - CONTROL NUMBER IDENTIFIER

  • control field: dpl

005 - DATE AND TIME OF LATEST TRANSACTION

  • control field: 20120208180958.0

008 - FIXED-LENGTH DATA ELEMENTS

  • fixed length control field: 120208|||a|||||| | ||| d

040 ## - CATALOGING SOURCE

  • Original cataloging agency: dpl
  • Transcribing agency: dpl

100 ## - HEADING--PERSONAL NAME

  • Personal name: Mercer, Dave

670 ## - SOURCE DATA FOUND

  • Source citation: Work cat.: (dpl): Mercer, Dave, ASP 3.0: A Beginner's Guide /, 2001

670 ## - SOURCE DATA FOUND

  • Source citation: Work cat.: (dpl): Mercer, Dave, ASP 3.0: A Beginner's Guide /, 2001

© Delhi Public Library
Hit Counter
free hit counter